00777 2200301 4500001002100000005001500021035002000036007000300056040001700059100002700076245004100103250001000144300003300154504002500187020001800212041000800230082001000238084001600248090002100264264003800285336002100323337003000344338002300374650001200397850001000409008004100419990001500460INLIS00000000000781120260529025317 a0010-0922000300ta aSBPUPADbind0 aAbdul KadirePengarang1 aGaleri Anthurium Daun /cAbdul Kadir aCet.1 aiv, 152 hlm :bilus ;c23 cm aBibliografi, hlm 150 a979-002-065-107aind a635.9 a635.9 ABD g a635.9 ABD g 19-7 aJakarta :bPenebar Swadaya,c2007 2rdacontentateks 2rdamediaatanpa perantara 2rdacarrieravolume 4aTanaman aPUPAD260529 0  a523/B/2013